| 000 | 00660nam a22002417a 4500 | ||
|---|---|---|---|
| 003 | CHAP | ||
| 005 | 20220329134749.0 | ||
| 008 | 971013s r 00010 d | ||
| 010 | _a25504 | ||
| 011 | _a26476 | ||
| 035 | _a30577 | ||
| 040 | _cCHAP | ||
| 090 | _aR-400 | ||
| 100 | 0 | 0 |
_aEig, A. _935803 |
| 245 | _aStigmatella, a new genus of Cruciferae | ||
| 500 | _aSobretiro de : Palestine Journal of Botany. 1:80-82, 1938 | ||
| 590 |
_aBATCH-UPD _b10 _c20130110 _lUCH01 _h2131 |
||
| 590 |
_aCONVERSION _b10 _c20130109 _lUCH01 _h1315 |
||
| 650 | 1 | 4 |
_aStigmatella. _9109799 |
| 901 | _aBK | ||
| 942 | _cREIMP | ||
| 949 |
_aR-400 _bBC _cR _d-70884 _eTS1 _i30577 _si |
||
| 999 |
_c25504 _d25504 |
||